<?xml version="1.0" encoding="UTF-8"?>
<record
    xmlns:xsi="http://www.w3.org/2001/XMLSchema-instance"
    xsi:schemaLocation="http://www.loc.gov/MARC21/slim http://www.loc.gov/standards/marcxml/schema/MARC21slim.xsd"
    xmlns="http://www.loc.gov/MARC21/slim">

  <leader>01202nam a22002537a 4500</leader>
  <controlfield tag="003">OSt</controlfield>
  <controlfield tag="005">20250801121248.0</controlfield>
  <controlfield tag="008">221031s2021    ck a|||gr|||| 00| j spa d</controlfield>
  <datafield tag="020" ind1=" " ind2=" ">
    <subfield code="a">9789583067998</subfield>
  </datafield>
  <datafield tag="040" ind1=" " ind2=" ">
    <subfield code="a">CO-JMCR</subfield>
    <subfield code="b">spa</subfield>
    <subfield code="c">CO-JMCR</subfield>
  </datafield>
  <datafield tag="041" ind1="0" ind2=" ">
    <subfield code="a">spa</subfield>
  </datafield>
  <datafield tag="082" ind1="0" ind2="4">
    <subfield code="a">A-C</subfield>
    <subfield code="b">JARv</subfield>
  </datafield>
  <datafield tag="100" ind1="1" ind2=" ">
    <subfield code="a">Jaramillo Agudelo, Dar&#xED;o, </subfield>
    <subfield code="e">autor</subfield>
    <subfield code="9">952</subfield>
  </datafield>
  <datafield tag="245" ind1="1" ind2="0">
    <subfield code="a">Veinte historias de fantasmas / </subfield>
    <subfield code="c">Dar&#xED;o Jaramillo Agudelo ; edici&#xF3;n, Julian Acosta Riveros</subfield>
  </datafield>
  <datafield tag="250" ind1=" " ind2=" ">
    <subfield code="a">Primera edici&#xF3;n</subfield>
  </datafield>
  <datafield tag="260" ind1=" " ind2=" ">
    <subfield code="a">Bogot&#xE1; : </subfield>
    <subfield code="b">Panamericana, </subfield>
    <subfield code="c">2021</subfield>
  </datafield>
  <datafield tag="300" ind1=" " ind2=" ">
    <subfield code="a">111 p&#xE1;ginas : </subfield>
    <subfield code="b">ilustraciones a blanco y negro ; </subfield>
    <subfield code="c">21 cm</subfield>
  </datafield>
  <datafield tag="490" ind1="0" ind2=" ">
    <subfield code="a">Literatura juvenil</subfield>
  </datafield>
  <datafield tag="520" ind1="3" ind2=" ">
    <subfield code="a">Veinte presencias sobrenaturales te aguardan en este libro: fantasmas que asustan, que se asustan, que escriben, que se comunican con los vivos y, los m&#xE1;s raros, aquellos que crean historias...
Veinte breves relatos de fantasmas para re&#xED;rse, reflexionar y, sobre todo, perturbarse ante las posibilidades que brindan las brillantes creaciones literarias de Dar&#xED;o Jaramillo (&#xBF;o su fantasma...?)</subfield>
  </datafield>
  <datafield tag="650" ind1="1" ind2="4">
    <subfield code="a">Fantasmas</subfield>
    <subfield code="x">cuento</subfield>
    <subfield code="9">42444</subfield>
  </datafield>
  <datafield tag="650" ind1="2" ind2="4">
    <subfield code="a">Sobrenatural</subfield>
    <subfield code="x">cuento</subfield>
    <subfield code="9">42445</subfield>
  </datafield>
  <datafield tag="700" ind1="1" ind2=" ">
    <subfield code="a">Acosta Riveros, Julian, </subfield>
    <subfield code="e">editor</subfield>
    <subfield code="9">42446</subfield>
  </datafield>
  <datafield tag="942" ind1=" " ind2=" ">
    <subfield code="2">ddc</subfield>
    <subfield code="c">BK</subfield>
  </datafield>
  <datafield tag="999" ind1=" " ind2=" ">
    <subfield code="c">29774</subfield>
    <subfield code="d">16158</subfield>
  </datafield>
  <datafield tag="952" ind1=" " ind2=" ">
    <subfield code="0">0</subfield>
    <subfield code="1">0</subfield>
    <subfield code="2">ddc</subfield>
    <subfield code="4">0</subfield>
    <subfield code="7">0</subfield>
    <subfield code="a">CPL</subfield>
    <subfield code="b">CPL</subfield>
    <subfield code="d">2022-10-31</subfield>
    <subfield code="l">6</subfield>
    <subfield code="o">A-C JARv</subfield>
    <subfield code="p">201811180</subfield>
    <subfield code="r">2025-06-13 08:37:58</subfield>
    <subfield code="s">2025-06-12</subfield>
    <subfield code="t">Ej.1</subfield>
    <subfield code="w">2022-10-31</subfield>
    <subfield code="y">BK</subfield>
  </datafield>
</record>
